Najbardziej okrągłe państwa na świecie - Statystyki

Ogólne statystyki
  • Ten quiz został rozwiązany 23 razy
  • Średni wynik to 5 z 10
Statystyki odpowiedzi
Pozycja Kontynent Państwo Okrągłość % Poprawnych
5 Europa Polska 0,903
79%
2 Oceania Nauru 0,923
68%
1 Afryka Sierra Leone 0,934
68%
9 Ameryka Południowa Urugwaj 0,894
68%
4 Europa Watykan 0,908
68%
8 Afryka Eswatini 0,896
58%
7 Ameryka Południowa Surinam 0,897
47%
10 Europa Rumunia 0,894
32%
3 Afryka Zimbabwe 0,915
32%
6 Afryka Wybrzeże Kości Słoniowej 0,899
26%
Nie znaleziono quizów pasujących do podanych kryteriów
Rozkład punktacji
Procent ludzi z każdym wynikiem
Percentyl według liczby udzielonych odpowiedzi
Twoja historia wyników
Nie rozwiązałeś tego quizu